000
00310nam a22001217a 4500
008
160503b xxu||||| |||| 00| 0 eng d
020
_a
9780071448710
020
_a
0071448713
041
_a
eng
080
_a
61
245
_a
Surgery Clerkship:
_c
Mathew S. Kaufman;Latha G. Stead; Nitin Mishra;
942
_2
udc
_c
BK
999
_c
1743
_d
1743